000 00878cam a2200277 a 4500
001 17001152
005 20171214040341.0
008 111013s2013 pau b 001 0 eng
010 _a 2011042827
020 _a9781605477282 (hardback : alk. paper)
020 _a1605477281 (hardback : alk. paper)
035 _a(DNLM)101571022
040 _aDNLM/DLC
_cDLC
_dDLC
041 _aeng
042 _apcc
060 1 0 _aWY 100.1
080 _a610.73 CRA
082 0 0 _a610.73
_223
100 _a1
101 _aINF
245 0 0 _aFundamentals of nursing :
_c[edited by] Ruth F. Craven, Constance J. Hirnle, Sharon Jensen.
504 _aIncludes bibliographical references and index.
906 _a7
_bcbc
_corignew
_d1
_eecip
_f20
_gy-gencatlg
942 _2ddc
_cBK
999 _c38894
_d38894